| 000 | 00439cam a2200181ua 4500 | ||
|---|---|---|---|
| 020 | _c2.50 | ||
| 041 |
_aeng _h |
||
| 082 |
_a320.58 _bMUN/GA |
||
| 100 | _aMunshi, K M . | ||
| 245 |
_aGandhi`s view of life / _cK M Munshi. _hTextual Documents |
||
| 260 |
_aMumbai : _bBharatiya Vidya Bhavan , _c1960. |
||
| 300 | _a213 ; . | ||
| 365 | _a2.50 | ||
| 504 | _a | ||
| 700 | 1 | _aDiwakar, R R . | |
| 942 | _cBK | ||
| 999 |
_c10379 _d10379 |
||